Evaluación de sistema de sacos de geotextil en condiciones simuladas: implicaciones en control de erosión
Bewaard in:
| Hoofdauteur: | |
|---|---|
| Formaat: | Boek |
| Taal: | Spanish |
| Gepubliceerd in: |
San José, Costa Rica
2012
|
| Onderwerpen: | |
| Tags: |
Voeg label toe
Geen labels, Wees de eerste die dit record labelt!
|
MARC
| LEADER | 00000nam a22000007a 4500 | ||
|---|---|---|---|
| 003 | 011624 | ||
| 005 | 20221231143919.0 | ||
| 008 | 151014b2012 cr a|||| |||| 00| 0 spa d | ||
| 040 | |c cru CEDI | ||
| 090 | |a TFG 6795 | ||
| 100 | |9 1493 |a Sánchez Salas, Georgina | ||
| 245 | |a Evaluación de sistema de sacos de geotextil en condiciones simuladas: implicaciones en control de erosión | ||
| 260 | |a San José, Costa Rica |c 2012 | ||
| 500 | |a Tesis (licenciatura en ingeniería agrícola)--Universidad de Costa Rica. Facultad de Ingeniería. Escuela de Ingeniería Agrícola | ||
| 650 | |x EROSION DE SUELOS - COSTA RICA |x CONSERVACION DE SUELOS - COSTA RICA |x EROSION DE SUELOS - MODELOS DE SIMULACION |x GEOTEXTILES - PRUEBAS) |x SIMULADORES DE LLUVIA |9 1494 | ||
| 942 | |c TFG | ||
| 999 | |c 14149 |d 14149 | ||
